000 01817cam a22004214i 4500
003 PE-LiUPU
005 20250731175616.0
008 150826s2010 miua rb 000 0 eng d
020 _a9780310329077
_q(pbk.)
035 _a(Sirsi) i9780310329077
040 _aPE-LiUPU
_bspa
_dPE-LiUPU
_erda
049 _aPRUA
082 0 4 _a487.4
_bC22
_222
100 1 _aCampbell, Constantine R.,
_eautor.
245 1 0 _aKeep your Greek :
_bstrategies for busy people /
_cConstantine R. Campbell.
264 1 _aGrand Rapids, Michigan :
_bZondervan,
_c[2010].
300 _a90 páginas :
_bilustraciones ;
_c22 centímetros
336 _atext
_2rdacontent
337 _aunmediated
_2rdamedia
338 _avolume
_2rdacarrier
504 _aIncluye referencias bibliográficas.
504 _aÍndice : páginas 155-164.
505 0 _aRead every day -- Burn your interlinear -- Use software tools wisely -- Make vocabulary your friend -- Practice your parsing -- Read fast -- Read slow -- Use your senses -- Get your Greek back -- Putting it all together.
526 _aP145
526 _aP127
526 _aP97
526 _aP35
526 _aP14
526 _aP07
650 0 _aGriego bíblico.
910 _aaas
_bjck
_caas
_d20150826
942 _2ddc
_cBOOK
949 _aPGT 487.4 C22
_wDEWEY
_c1
_i71775
_lCCODEBUL1
_mBUL
_p10.00
_r0
_sY
_tBOOK
_u2015-8-26
_xTEOLOGIA
_PP85
_0COMPRA
_o.CIRCNOTE. No olvidar cambiar la fecha de devolución!!!!!!!
_o.STAFF. Posgrado
994 _aC0
_bPEPRU
596 _a1
999 _aPGT 487.4 C22
_wDEWEY
_c6873
_i71775
_f2021-11-11
_g5
_lCCODEBUL1
_mBUL
_p10.00
_r0
_sY
_tBOOK
_u2015-8-26
_xTEOLOGIA
_PP85
_0COMPRA
_o.CIRCNOTE. No olvidar cambiar la fecha de devolución!!!!!!!
_o.STAFF. Posgrado
_d6873
980 _81
_gALBERTO SANCHEZ Responsable de Automatización